| 000 | 00634pam a2200229 a 4500 | ||
|---|---|---|---|
| 999 |
_c4344 _d4344 |
||
| 001 | 6088 | ||
| 003 | BD-DhUAP | ||
| 005 | 20201108130303.0 | ||
| 008 | 200308s1999 ii a b 001 0 eng | ||
| 020 | _a007085047X | ||
| 040 |
_aBD-DhUAP _cBD-DhUAP _dBD-DhUAP _bEng |
||
| 082 | 0 | 0 |
_a539 BEI _223 |
| 100 | _aBeiser, Arthur. | ||
| 245 |
_aPerspectives of modern Physics / _cArthur Beiser. |
||
| 250 | _aInternational edition. | ||
| 260 |
_aNew York : _bMcGraw-hill, _cc1999. |
||
| 300 |
_avii, 608 pages : _billustrations ; _c21 cm. |
||
| 500 | _aIncludes index. | ||
| 650 | _aPhysics | ||
| 650 | _aNuclear physics. | ||
| 942 |
_2ddc _cBK |
||